Taylor Swift - Setlist du Speak Now World Tour - Statistiques

Statistiques générales
  • Ce quiz a été pris 58 fois
  • Le résultat moyen est 14 sur 17
Statistiques - réponses
Hint Réponse % Correct
Speak Now World Tour Setlist Mine
98%
Speak Now World Tour Setlist Enchanted
95%
Speak Now World Tour Setlist Speak Now
95%
Speak Now World Tour Setlist Mean
93%
Speak Now World Tour Setlist Haunted
90%
Speak Now World Tour Setlist Dear John
88%
Speak Now World Tour Setlist Long Live
88%
Speak Now World Tour Setlist Love Story
88%
Speak Now World Tour Setlist Sparks Fly
88%
Speak Now World Tour Setlist Better Than Revenge
85%
Speak Now World Tour Setlist You Belong With Me
85%
Speak Now World Tour Setlist Fearless
78%
Speak Now World Tour Setlist Our Song
78%
Speak Now World Tour Setlist The Story of Us
78%
Speak Now World Tour Setlist Back to December
76%
Speak Now World Tour Setlist Last Kiss
76%
Speak Now World Tour Setlist Fifteen
54%
Aucun quiz correspondant
Distribution des résultats
% des personnes avec chaque résultat
Percentile par nombre de réponses
Votre historique - résultats
Vous n’avez pas pris ce quiz